Zdaňovanie burzy cenných papierov diplomová práca

Gespeichert in:
Bibliographische Detailangaben
1. Verfasser: Bačinský, Mikuláš
Körperschaft: Národohospodárska fakulta EU. Katedra financií
Weitere Verfasser: Kubicová, Jana, 1961-
Format: Buch
Sprache:Slowakisch
Veröffentlicht: Bratislava 2017
Tags: Tag hinzufügen
Keine Tags, Fügen Sie das erste Tag hinzu!

MARC

LEADER 00000nbm a2200000 4500
001 0231883
005 20171127144006.9
041 0 |a slo 
044 |a SK 
245 1 0 |a Zdaňovanie burzy cenných papierov  |b diplomová práca  |c Mikuláš Bačinský ; školiteľ: Jana Kubicová 
264 1 |a Bratislava  |c 2017 
300 |a 63 s. 
100 1 |a Bačinský, Mikuláš 
700 1 |a Kubicová, Jana, 1961- 
710 2 |a Národohospodárska fakulta EU. Katedra financií